000 01428nam a2200241Ia 4500
003 Ost
005 20260507075648.0
008 260507s9999||||xx |||||||||||||| ||und||
020 _a1345287977
040 _cfsecg
041 _aara
082 _a5.133
100 _aعزب، عزب محمد
_eمؤلف
245 0 _aالطريق الى إحتراف البرمجة بإستعمال ORACLE /
_c عزب محمد عزب
260 _aالقاهرة:
_bدار الكتب العلمية للنشر والتوزيع,
_c2003
300 _a788 صفحة؛
_bإيضاحات ؛
_c24 سم
520 _aالأعداد المطلوبة للعمل مع ORACLE -مقدمة عن قواعد البيانات وعناصر قاعدة البيانات ORACLE- إنشاء عناصر قاعدة البيانات- مقدمة للغة البرمجة- الدوال والبرامج الفرعية- مقدمة عن مطور البرامج- مصمم النماذج- تشغيل أوامر النماذج- قوائم الإختيارات- مصمم التقارير- تحسين شكل التقرير- دراسة وتحليل وتصميم وإعداد تطبيق بسيط وتطبيق متكامل- برمجة النماذج المتقدمة.
653 _aالبرمجة- الحاسبات الإلكترونية
653 _aالبرمجيات
653 _aالحاسوب
653 _aلغات البرمجة- أوراكل
942 _cكتاب
999 _c45536
_d45536